A comparison of kindergarten teachers' perceptions of children's preferences in books with the children's actual preferences /

Saved in:
Bibliographic Details
Main Author: Lewis, Jeneva Bell Akin, 1924-
Format: Thesis Book
Language:English
Published: Ann Arbor, Mich. : University Microfilms International, 1982.
Subjects:
LEADER 01169nam a2200253 i 4500
001 c000048908
003 CARM
005 00000000000000.0
008 820920r19821970 u 00000 eng d
019 1 |a 2581876  |5 LACONCORD2021 
035 |a (OCoLC)220366870  |5 LACONCORD2021 
100 1 |a Lewis, Jeneva Bell Akin,  |d 1924-. 
245 1 2 |a A comparison of kindergarten teachers' perceptions of children's preferences in books with the children's actual preferences /  |c by Jeneva Bell Akin Lewis. 
260 |a Ann Arbor, Mich. :  |b University Microfilms International,  |c 1982. 
300 |a xii, 150 leaves ;  |c 21 cm. 
500 |a ' ... an authorized facsimile printed by microfilm/xerography ...'. 
502 |a Thesis (Ph. D.) - East Texas State University, 1970. 
504 |a Bibliography: leaves 114-123. 
650 0 |a Children  |x Books and reading. 
650 0 |a Children's literature  |x History and criticism. 
852 8 |b CARM  |h A2:AE14B0  |i B00844  |p 0042429  |f BK 
082 0 4 |a 028.55  |2 19ae 
999 f f |i 2da0a33a-e59b-5750-84b9-2a80a8c3d508  |s a450becb-1192-5dcc-ba4b-b41da3577f31 
952 f f |p Can circulate  |a CAVAL  |b CAVAL  |c CAVAL  |d CARM 1 Store  |e B00844  |f A2:AE14B0  |h Other scheme  |i book  |m 0042429